000 00491nam a2200133Ia 4500
008 100328s9999 xx 000 0 und d
082 _b50405
100 _aकाळे जयराम
245 _aपंचायती राज अनुदान योजना.
260 _bमनोविकास
630 _aपंचायती राज अनुदान योजना.
730 _aपंचायती राज अनुदान योजना.
942 _cBOOK
999 _c537548
_d537545